| 000 | 00810cam a22002411 4500 | ||
|---|---|---|---|
| 001 | e 18001088 | ||
| 003 | DLC | ||
| 005 | 20260227111210.0 | ||
| 007 | cr_||||||||||| | ||
| 008 | 760521s1916 miu 000 0 eng | ||
| 010 | _ae 18001088 | ||
| 035 | _a(OCoLC)2186646 | ||
| 040 |
_aDLC _cOTU _dDLC |
||
| 050 | 0 | 0 |
_aLA309.G7 _bA5 1916 |
| 110 | 1 |
_aGrand Rapids (Mich.). _bBoard of Education. |
|
| 245 | 0 | 0 | _aSchool survey, Grand Rapids, Michigan, 1916. |
| 260 |
_aGrand Rapids, _bWhite printing company, _c1916? |
||
| 300 |
_a1 p. l., [5]-510 p., _btables, diagrs. _c20 cm. |
||
| 530 | _aAlso available in digital form on the Internet Archive Web site. | ||
| 650 | 0 |
_aPublic schools _zMichigan _zGrand Rapids. |
|
| 650 | 0 | _aEducational surveys. | |
| 856 | 4 | 1 | _uhttp://hdl.loc.gov/loc.gdc/scd0001.00221240455 |
| 999 |
_c20257 _d20257 |
||